Premena metanolu na olefíny + CD-ROM

Guardado en:
Detalles Bibliográficos
Autor principal: Ragač, Pavel
Formato: Libro
Lenguaje:eslovaco
Publicado: Bratislava STU v Bratislave FCHPT 2005
Acceso en línea:Ver en el OPAC
Etiquetas: Agregar Etiqueta
Sin Etiquetas, Sea el primero en etiquetar este registro!

MARC

LEADER 00000nam a2200000 a 4500
005 20260127134259.0
008 050616 2005 xo 000 0 slo d
035 |a vtls008160813 
039 9 |y 200506161314  |z mschk03 
040 |a STUSCHK1  |b slo  |c STUSCHK1  |e AACR2 
100 1 |a Ragač, Pavel 
245 1 |a Premena metanolu na olefíny  |b + CD-ROM 
260 |a Bratislava  |b STU v Bratislave FCHPT  |c 2005 
300 |a 54 s. 
500 |a Obháj.: 7.6. 2005 
500 |a Špec.: Organická technológia a materiály 
910 |a SCHK95 
999 |c 8657  |d 8657